=LDR 00000nam 2200000 4500 =001 INLIS000000000004304 =005 20250704022546 =035 ##$$a 0010-0725000115 =007 ta =008 250704################f##########0#ind## =082 ##$$a 613.943 072 =084 ##$$a 613.943 072 BAD u =245 1#$$a Usaha Peningkatan Pemakaian Metode Kontrasepsi Efektif Terpilih (IUD) di Pedesaan Sulawesi Tengah /$c BADAN KOORDINASI KELUARGA BERENCANA NASIONAL =260 ##$$a Jakarta :$b Badan Koordinasi Keluarga Berencana Nasional,$c 1990 =300 ##$$a 15 hlm. =650 #4$$a Kontrasepsi Efektif Terpilih (IUD) =110 2#$$a BADAN KOORDINASI KELUARGA BERENCANA NASIONAL =856 ##$$a Perpustakaan Kemendukbangga